| 000 | 00624nam a22001937a 4500 | ||
|---|---|---|---|
| 999 |
_c10020 _d10020 |
||
| 003 | AR-CdUCM | ||
| 008 | 190329b ||||| |||| 00| 0 spa d | ||
| 040 |
_aMUNICIPALIDAD PROVINCIAL DEL CUSCO _cBIBLIOTECA MUNICIPAL DEL CUSCO |
||
| 082 |
_a869.558 / _bP19E / 1949 |
||
| 100 |
_aPalma, Ricardo _9304 |
||
| 245 |
_aRicardo Palma / _bEpistolario |
||
| 260 |
_aLima : _bCultura antártica, _c1949. |
||
| 300 |
_a601 páginas ; _bIlustraciones, _c23.5 cm. |
||
| 505 | _aContenido: El epistolario de Palma (1862-1918) | ||
| 650 |
_aCartas peruanas _921109 |
||
| 650 |
_aSiglo XIX. _943901 |
||
| 942 |
_2ddc _cLIBROS |
||
| 945 | _aacv | ||